Preparing, training, packages / (Record no. 46037)

MARC details
000 -CABECERA
campo de control de longitud fija 00750nam a2200193 a 4500
005 - FECHA Y HORA DE LA ÚLTIMA TRANSACCIÓN
campo de control 20240924065307.0
008 - ELEMENTOS DE LONGITUD FIJA--INFORMACIÓN GENERAL
campo de control de longitud fija 991125n197 [us 000 0 eng u
035 ## - NÚMERO DE CONTROL DEL SISTEMA
Número de control de sistema UPN01000046037
049 ## - COLECCIÓN
Colección CG
050 #4 - SIGNATURA TOPOGRÁFICA DE LA BIBLIOTECA DEL CONGRESO
Número de clasificación LB1027
Número de documento/Ítem P7.8
245 00 - MENCIÓN DE TÍTULO
Título Preparing, training, packages /
Mención de responsabilidad, etc. Slough College of Higher Education, Faculty of Manangement, Training Technology Division.
260 ## - PUBLICACIÓN, DISTRIBUCIÓN, ETC.
Lugar de publicación, distribución, etc. [USA?] :
Nombre del editor, distribuidor, etc. Slough College of Higher Education,
Fecha de publicación, distribución, etc. [197-?]
300 ## - DESCRIPCIÓN FÍSICA
Extensión ca. 171 h. :
Otras características físicas il.
500 ## - NOTA GENERAL
Nota general Fotocopia
650 #4 - ASIENTO SECUNDARIO DE MATERIA - TERMINO TEMATICO
Término de materia o nombre geográfico como elemento de entrada Educación
Subdivisión general Métodos experimentales
9 (RLIN) 5868
650 #7 - ASIENTO SECUNDARIO DE MATERIA - TERMINO TEMATICO
Término de materia o nombre geográfico como elemento de entrada Educación superior
Subdivisión geográfica Estados Unidos
Fuente del encabezamiento o término
9 (RLIN) 15203
710 2# - ASIENTO SECUNDARIO - NOMBRE CORPORATIVO
Nombre de entidad corporativa o nombre de jurisdicción como elemento de entrada Slough College of Higher Education (Estados Unidos).
Unidad subordinada Faculty of Management.
-- Training Technology Division
905 ## - TIPO DE MATERIAL
Tipo de material Libro
Holdings
Estado de retiro Estado de pérdida Fuente del sistema de clasificación o colocación Estado dañado No para préstamo Código de colección Localización permanente Ubicación/localización actual Ubicación en estantería Total de préstamos Clasificación Código de barras Fecha visto por última vez Número de copia Tipo de ítem Koha
    Library of Congress Classification     Colección General Bib. Gregorio Torres Quintero Bib. Gregorio Torres Quintero Planta baja   LB1027 P7.8 7359 31/12/2020 1 Libro
    Library of Congress Classification     Colección General Bib. Gregorio Torres Quintero Bib. Gregorio Torres Quintero Planta baja   LB1027 P7.8 30537 31/12/2020 1 Libro